Spinoza. ¿Más allá de la idea de tolerancia?

Uloženo v:
Podrobná bibliografie
Hlavní autor: Mignini, Filippo (autor)
Médium: Kniha
Jazyk:španělština
Vydáno: Córdoba Brujas 2009
Vydání:1a. ed
Edice:Biblioteca de Filosofía Apinozista
Témata:
Tagy: Přidat tag
Žádné tagy, Buďte první, kdo vytvoří štítek k tomuto záznamu!

MARC

LEADER 00000nam a2200000 a 4500
001 UCG6195
003 CL-VaPUC
008 110407e20090000AG |||||||||||||||||spa|d
020 |a 9789871432349 
082 0 4 |a 190  |b MIG  |2 21 
100 |a Mignini, Filippo  |e autor  |9 556231 
245 1 0 |a Spinoza. ¿Más allá de la idea de tolerancia? 
250 |a 1a. ed 
300 |a 57 p 
942 |c BK 
945 |d 20110407 00:00:00  |a jcampos 
260 |a Córdoba  |b Brujas  |c 2009 
650 0 |a Filosofía   |9 223554 
650 0 |a Filosofía moderna  |9 258121 
583 |a last modification  |c 20110407 00:00:00  |k Rodrigo Vera 
490 0 |a Biblioteca de Filosofía Apinozista 
999 |c 344469  |d 344467 
952 |0 0  |1 0  |4 0  |6 190_000000000000000_MIG_2009  |7 0  |8 A  |9 442453  |a BIBEDU  |b BIBEDU  |d 2019-11-22  |i 4765346  |o 190 MIG 2009  |p 4765346  |r 2019-11-22  |w 2019-11-22  |y BK  |k FIL